00457 a2200109 4500001001000000005001700010008004100027245012800068100002500196773010900221999001700330ART_1078420260410161854.0260409a 10aEl Anteproyecto de unificación de la legislación Civil y Comercial y algunas cuestiones vinculadas al derecho mercantil1 aCosentino, Javier J.0 tDerecho privadogReforma del Código Civil I. Aspectos generales - Año I, Nº 2 (sep. 2012)wREV10455 c25304d25304